Tratado de derecho laboral colectivo / (Registro nro. 19602)

Detalles MARC
000 -LEADER
fixed length control field 01140nam a2200301 4500
001 - CONTROL NUMBER
control field 0000013826
003 - CONTROL NUMBER IDENTIFIER
control field CO-CtgCURN
005 - DATE AND TIME OF LATEST TRANSACTION
control field 20250512231255.0
007 - PHYSICAL DESCRIPTION FIXED FIELD--GENERAL INFORMATION
fixed length control field ta
008 - FIXED-LENGTH DATA ELEMENTS--GENERAL INFORMATION
fixed length control field 160627s1994 000 0 eng d
020 ## - INTERNATIONAL STANDARD BOOK NUMBER
International Standard Book Number 958915719X
040 ## - CATALOGING SOURCE
Original cataloging agency CO-CtgCURN
Language of cataloging spa
Transcribing agency coctgcurn
082 0# - DEWEY DECIMAL CLASSIFICATION NUMBER
Classification number 344.01
Item number L13t2
100 1# - MAIN ENTRY--PERSONAL NAME
Personal name Lafont de Leon, Francisco Ostau.
245 10 - TITLE STATEMENT
Title Tratado de derecho laboral colectivo /
Statement of responsibility, etc. Francisco O. Lafont de Leon.
260 ## - PUBLICATION, DISTRIBUTION, ETC.
Place of publication, distribution, etc. Bogotá :
Name of publisher, distributor, etc. Ediciones Ciencia y derecho,
Date of publication, distribution, etc. 1994.
300 ## - PHYSICAL DESCRIPTION
Extent xxxi, 431 p.
336 ## - CONTENT TYPE
Source rdacontent
337 ## - MEDIA TYPE
Source rdamedia
Media type term sin mediacion
Media type code n
338 ## - CARRIER TYPE
Source rdacarrier
Carrier type term volumen
Carrier type code nc
500 ## - GENERAL NOTE
General note v. 2 Colectivo.
504 ## - BIBLIOGRAPHY, ETC. NOTE
Bibliography, etc. note Bibliografia (p. 421-431)
505 8# - FORMATTED CONTENTS NOTE
Formatted contents note Historia del derecho laboral.--Derecho laboral colectivo.--Asociacion sindical.--Organizaciones sindicales.--Huelga.--Tribunal de arbitramiento.--Contratos sindicales.--Conflictos colectivos laborales.--Tribunal de arbitramento
650 14 - SUBJECT ADDED ENTRY--TOPICAL TERM
Topical term or geographic name entry element Contratos de trabajo.
908 ## - PUT COMMAND PARAMETER (RLIN)
Put command parameter 160627
942 ## - ADDED ENTRY ELEMENTS (KOHA)
Koha item type Libros
Classification part 344.01
Item part L13t2
Source of classification or shelving scheme Dewey Decimal Classification
Suppress in OPAC No
Existencias
Withdrawn status Lost status Source of classification or shelving scheme Damaged status Not for loan Collection Home library Current library Shelving location Date acquired Inventory number Total checkouts Full call number Barcode Date last seen Copy number Price effective from Koha item type Public note
    Dewey Decimal Classification     General Miguel Henríquez Castañeda Miguel Henríquez Castañeda General 03/31/2025 004541   344.01 L13t2 004541 03/31/2025 ej.1 03/31/2025 Libros 340-DEREC